000 01713nam a2200397 c 4500
003 BLK
005 20180422104749.0
008 180408b bul|||||r ||||||| ||bul||
010 _aKNG00097295000
020 _a1310-2737
_bиздат.: Акад. изд. Д. А. Ценов
040 _aBLK
041 _aBUL
_cBUL
072 7 _2bullib
_aН31
_xСоциология Н
080 _aОсновни статистически понятия - Статистическа единица, статистически редове, корелация, статистически показатели и др.
_b311.1
_x
_z311.1
080 _aИкономическо развитие
_b330.34
_x
_z330.34
100 1 _aИванов, Любомир
_eпърви автор
_9370119
139 _aИванов, Любомир
_bИ 21
245 1 0 _aМоделиране и прогнозиране на временни редове - статистически аспекти
_cЛюбомир Иванов.
257 _aBGR
260 Свищов
_bАкад. изд. Д. А. Ценов
_c2009
300 _a170 с.
_bс табл., сх.
_c24 см
380 _a3
490 1 _aБиблиотека Стопански свят
_v97
500 _aБиблиогр. с. 146-150 и под линия.
650 4 _aСтатистика
_9172055
650 4 _aИкономическо развитие
_9249162
653 _aстатистически методи
653 _aстатистика
653 _aмоделиране
659 _aН
852 _aЦб 249229
856 4 _qpdf
_u
856 4 _qpdf
_u
942 _cKNG
_n0
944 _aCR
_c12.10.2010
_lф /
_kЛюдмила_Стоянова
944 _aED
_c12.10.2011
_lф /
_k
999 _c92513
_d92513